| 000 | 00589nam a2200217Ia 4500 | ||
|---|---|---|---|
| 003 | OSt | ||
| 005 | 20220928145603.0 | ||
| 006 | a|||||r|||| 00| 0 | ||
| 007 | ta | ||
| 008 | 220927b |||||||| |||| 00| 0 eng d | ||
| 024 | _a81248 | ||
| 037 | _cTextual | ||
| 040 |
_aSDCL _cSDCL _beng |
||
| 041 |
_2eng _aeng |
||
| 082 | _aX9:75(W).73'N8, M0 | ||
| 100 |
_aBenton Lewis Ed. _9513458 |
||
| 245 | 0 |
_aPrivate management and public policy _b Reciprocal impacts. |
|
| 260 | _c1980 | ||
| 942 |
_hX9:75(W).73'N8, M0 _cTEXL _2CC |
||
| 999 |
_c834113 _d834113 |
||